=LDR 00000nam 2200000 4500 =001 INLIS000000000038633 =005 20130612144310 =008 ***********************************Ind** =035 ##$$0010-061300000038633 =041 ##$$a Ind =082 ##$$a 612.6 =090 ##$$a 612.6, Muh t =100 ##$$a Muhammad, As'adi =245 ##$$a Tips mendapatkan anak berjenios kelamin wanita, Bimbingan lengkap dan produktif, As'adi Muhammad; Editor, Ely Syahtiyanti =260 ##$$a 2010 $b Yogyakarta =300 ##$$a 132 hlm, 20 cm =650 ##$$a Reproduksi =850 ##$$a NBPNMAT